01435nam a2200385 a 450000100060000000300080000600500170001400600190003100700150005000800410006502000180010603500230012403500240014703500250017103500220019604000260021805000270024408200160027110000390028724501530032626000290047930000110050850400200051953301640053965000270070365000160073065000240074665000170077065500270078770000480081470000290086271000190089183000770091085600620098771679FlNmELB20241217143323.0m o d | cr cn|||||||||130127s2008 sp |||||sb 000 ||spa|d z9788497884549 a(MiAaPQ)EBC3206628 a(Au-PeEL)EBL3206628 a(CaPaEBR)ebr10638647 a(OCoLC)1010665224 aFlNmELBbspacFlNmELB 4aHF5415.1265bR696 200804a658.8722221 aRodríguez del Bosque, Ignacio A.10aDirección publicitariah[recurso electronico] /cIgnacio Rodríguez del Bosque, Ana Suárez Vázquez, María del Mar García de los Salmones. aBarcelona :bUOC,c2008. a361 p. aBibliografía. aRecurso electrónico. Santa Fe, Arg.: e-libro, 2015. Disponible vía World Wide Web. El acceso puede estar limitado para las bibliotecas afiliadas a e-libro. 4aMarketing en internet. 4aPublicidad. 0aInternet marketing. 0aAdvertising. 4aLibros electrónicos.1 aGarcía de los Salmones, M{u00AA} del Mar.1 aSuárez Vázquez, Ana.2 ae-libro, Corp. 0aManuales (Universitat Oberta de Catalunya). Economía y empresa ;v102.40uhttps://elibro.net/ereader/politecnicointernacional/56486